Power and privilege (Record no. 81277)
[ view plain ]
| 000 -LEADER | |
|---|---|
| fixed length control field | 00430nam a22001457a 4500 |
| 005 - DATE AND TIME OF LATEST TRANSACTION | |
| control field | 20160111105233.0 |
| 008 - FIXED-LENGTH DATA ELEMENTS--GENERAL INFORMATION | |
| fixed length control field | 160111b xxu||||| |||| 00| 0 eng d |
| 040 ## - CATALOGING SOURCE | |
| Transcribing agency | PK-LaUMT |
| 082 ## - DEWEY DECIMAL CLASSIFICATION NUMBER | |
| Classification number | KHC 301.4492095491 |
| Item number | ROB-P |
| 100 ## - MAIN ENTRY--PERSONAL NAME | |
| Personal name | Robert laporte |
| 245 ## - TITLE STATEMENT | |
| Title | Power and privilege |
| Remainder of title | influence and decision-Making in Pakistan |
| Statement of responsibility, etc | Robert laporte |
| 260 ## - PUBLICATION, DISTRIBUTION, ETC. (IMPRINT) | |
| Place of publication, distribution, etc | Berkeley |
| Name of publisher, distributor, etc | University of california |
| Date of publication, distribution, etc | 1975 |
| 300 ## - PHYSICAL DESCRIPTION | |
| Extent | 225 p. |
| 942 ## - ADDED ENTRY ELEMENTS (KOHA) | |
| Koha item type | Books |
| Withdrawn status | Lost status | Damaged status | Home library | Current library | Date acquired | Full call number | Barcode | Date last seen | Price effective from | Koha item type |
|---|---|---|---|---|---|---|---|---|---|---|
| UMT Main Campus | UMT Main Campus | 2016-01-11 | KHC 301.4492095491 ROB-P | 69104 | 2017-03-27 | 2016-01-11 | Books |
